000
00263nmm a2200085Ia 4500
008
220120s9999||||xx |||||||||||||||||und||
100
_a
Open source for you
245
0
_a
Sabayan Linux, pure os9.0, sparky Linux 5.10
260
_a
Coorg Institute of Technology
_c
Feb=2020
999
_c
140115
_d
140115